Kto je kto na Slovensku 1991?

Saved in:
Bibliographic Details
Format: Book
Language:Slovak
Published: Bratislava Konzorcium encyklopédia 1991
Edition:1. vyd.
Tags: Add Tag
No Tags, Be the first to tag this record!

MARC

LEADER 00000nam a2200000 4500
001 c000383
005 20221214094029.7
020 |a 80-85226-06-5 
041 0 |a slo 
044 |a SK 
245 1 0 |a Kto je kto na Slovensku 1991? 
250 |a 1. vyd. 
264 1 |a Bratislava  |b Konzorcium encyklopédia  |c 1991 
300 |a 236 s.